|
|
|
|
| LEADER |
00847nam a2200253 4500 |
| 001 |
DLU180187714 |
| 005 |
##20181009 |
| 040 |
# |
# |
|a DLU
|b vie
|
| 041 |
# |
# |
|a vie
|
| 044 |
# |
# |
|a vn
|
| 100 |
# |
# |
|a Trương Thị Thủy.
|
| 245 |
# |
# |
|a Tư liệu văn bia ở cụm di tích vòng cung Đông Triều góp phần tìm hiểu ba vị Sư tổ Phật giáo Trúc Lâm Yên Tử /
|c Trương Thị Thủy.
|
| 653 |
# |
# |
|a Huyền Quang, 1254-1334
|
| 653 |
# |
# |
|a Pháp Loa, 1284-1330
|
| 653 |
# |
# |
|a Trần Nhân Tông, 1258-1308
|
| 773 |
# |
# |
|t Tạp chí Hán Nôm
|g Số 3(130), 2015, tr. 27-35
|
| 920 |
# |
# |
|a Phòng Tạp chí -- Trung tâm Thông tin - Thư viện Trường Đại học Đà Lạt
|
| 900 |
# |
# |
|a True
|
| 911 |
# |
# |
|a Hoàng Thị Huyền
|
| 925 |
# |
# |
|a G
|
| 926 |
# |
# |
|a A
|
| 927 |
# |
# |
|a BB
|
| 980 |
# |
# |
|a Thư viện Trường Đại học Đà Lạt
|